Normal view
MARC view
- الاحوال تالشخصية - فقه اسلامي
Entry Topical Term
001 - CONTROL NUMBER
- control field: 57830
003 - CONTROL NUMBER IDENTIFIER
- control field: JO-AjAnu
005 - DATE AND TIME OF LATEST TRANSACTION
- control field: 20230606083452.0
008 - FIXED-LENGTH DATA ELEMENTS
- fixed length control field: 230606|| aca||aabn | a|a d
040 ## - CATALOGING SOURCE
- Original cataloging agency: JO-AjAnu
- Transcribing agency: JO-AjAnu
150 ## - HEADING--TOPICAL TERM
- Topical term or geographic name entry element: الاحوال تالشخصية - فقه اسلامي
670 ## - SOURCE DATA FOUND
- Source citation: Work cat.: (JO-AjAnu)29506: اعداد الخالدي، نعمة خلف سليمان؛ اشراف خلوق ضيف الله آغا, author 57829, الاعفاءات المالية في الاحوال الشخصية والعقوبات-دراسة مقارنة-=Financial Exemptions in Personal Status and Punishments A comparative jurisprudence study